000
00248nam a22000857a 4500
008
170303b xxu||||| |||| 00| 0 eng d
100
_9
3020
_a
Curry,Thamas.S et al
245
_a
Christensens Physics of Diagnanostic
260
_a
New Delhi
_b
Wlter kluwer
_c
1992
999
_c
6264
_d
6264